000 00447nab a2200145Ia 4500
003 ES-SlBCS
005 20210601133740.0
008 140529s2007 xxu||||| |||| 00| 0 por d
041 _apor
100 1 _aPereira Melo, José Joaquim
_9209178
245 0 2 _aA educaçao senequiana
_c José Joaquim Pereira Melo
600 1 4 _aSéneca-Educación
_9209179
773 0 _tEducaçao e Filosofia
_gvol. 21, nº. 41, 2007, págs. 61-87
_wRev1534
942 _cAR
999 _c601492
_d601492